Normal view MARC view
  • Schniewind, Julius,

Entry Personal Name

Number of records used in: 1

001 - CONTROL NUMBER

  • control field: 60838

003 - CONTROL NUMBER IDENTIFIER

  • control field:

005 - DATE AND TIME OF LATEST TRANSACTION

  • control field: 20240628090244.0

008 - FIXED-LENGTH DATA ELEMENTS

  • fixed length control field: 240628|| aca||aabn | a|a d

040 ## - CATALOGING SOURCE

  • Original cataloging agency:
  • Transcribing agency:

100 ## - HEADING--PERSONAL NAME

  • Personal name: Schniewind, Julius,
  • Dates associated with a name: 1883-1948

670 ## - SOURCE DATA FOUND

  • Source citation: Work cat.: ()360160: Schniewind, Julius, 1883-1948 com., Il Vangelo secondo Matteo /, 1977.
CREDITS: SOCIETA' SAN PAOLO Via A.Severo, 58 - ROMA (RM) & PERIODICI SAN PAOLO SRL Via Giotto, 36 MILANO & CISF Via Giotto, 36 MILANO & EDIZIONI SAN PAOLO SRL,  Piazza Soncino, 5 CINISELLO BALSAMO (MI) -- ITALY